| 000 | 05209 a2200589 4500 | ||
|---|---|---|---|
| 999 |
_c30325 _d30325 |
||
| 003 | NUST | ||
| 005 | 20180118110448.0 | ||
| 008 | 170817b xxu||||| |||| 00| 0 eng d | ||
| 020 | _a978-81-8317-9027-4 | ||
| 020 | _a978-81-8317-9027-4 | ||
| 040 | _cNUST | ||
| 082 |
_a530 _bYOU |
||
| 100 | 1 |
_aYoung, Hugh D. _93959 |
|
| 245 | 1 | 0 |
_aUniversity physics with modern physics / _cHugh D. Young, Roger A. Freedman, A. Lewis Ford. |
| 250 | _a13th ed. | ||
| 260 |
_a[S.l.] : _bPearson Education _c2013. |
||
| 300 |
_a1600 p. ; _c28 cm. |
||
| 490 | 1 | _a13th edition. | |
| 700 |
_aFreedman, Roger A. _93960 |
||
| 700 |
_aFord, A. Lewis _93961 |
||
| 942 |
_aSNS _cBK _k530 YOU _2ddc |
||